A grammar of contemporary English

Saved in:
Bibliografiske detaljer
Main Authors: Quirk, Randolph (Author), Greenbaum, Sidney (Author), Leech, Geoffrey N (Author), Svartvik, Jan (Author)
Format: Bog
Sprog:engelsk
Udgivet: Essex Longman 1989
Fag:
Tags: Tilføj Tag
Ingen Tags, Vær først til at tagge denne postø!

MARC

LEADER 00000nam a2200000 a 4500
001 UCX0915
003 CL-VaPUC
008 900411e19890000UK |||||||||||||||||eng|d
082 0 4 |a 425  |b QUI  |2 21 
100 0 |a Quirk, Randolph  |e author  |9 316294 
700 |a Greenbaum, Sidney  |e author  |9 417857 
700 |a Leech, Geoffrey N  |e author  |9 464882 
700 0 |a Svartvik, Jan  |e author  |9 316297 
245 1 2 |a A grammar of contemporary English 
300 |a 1120 p 
942 |c BK 
945 |d 19900411 00:00:00 
260 |a Essex  |b Longman  |c 1989 
650 7 |a INGLES GRAMATICA  |2 CL-VaPUC  |9 313180 
583 |a last modification  |c 20120703 11:34:28  |k Rodrigo Vera 
999 |c 222306  |d 222304 
952 |0 0  |1 0  |4 0  |6 425_000000000000000_QUI_1989  |7 0  |8 P  |9 216807  |a BIBEDU  |b BIBEDU  |c BIBEDU_PB  |d 2019-11-15  |i 2857251  |o 425 QUI 1989  |p 2857251  |r 2024-01-25  |w 2019-11-15  |y BK  |k LIT 
952 |0 0  |1 0  |4 0  |6 425_000000000000000_QUI_1989  |7 0  |8 P  |9 216808  |a BIBEDU  |b BIBEDU  |c BIBEDU_PB  |d 2019-11-15  |i 285726K  |o 425 QUI 1989  |p 285726K  |r 2024-01-25  |w 2019-11-15  |y BK  |k LIT